Organic Reaction Mechanisms
Guardado en:
| Autor principal: | |
|---|---|
| Formato: | Libro |
| Lenguaje: | inglés |
| Publicado: |
Tunbridge Wells
New Academic Science
2012
|
| Edición: | 4th ed. |
| Acceso en línea: | Ver en el OPAC |
| Etiquetas: |
Sin Etiquetas, Sea el primero en etiquetar este registro!
|
MARC
| LEADER | 00000nam a2200000 a 4500 | ||
|---|---|---|---|
| 005 | 20260127134146.0 | ||
| 008 | 130620 2013 000 0 eng d | ||
| 020 | |a 9781906574666 | ||
| 035 | |a vtls010521577 | ||
| 039 | 9 | |y 201306201101 |z mschk03 | |
| 040 | |a STUSCHK1 |b slo |c STUSCHK1 |e AACR2 | ||
| 080 | |a 547.2 | ||
| 100 | 1 | |a Bansal, Raj K. | |
| 245 | 1 | |a Organic Reaction Mechanisms | |
| 250 | |a 4th ed. | ||
| 260 | |a Tunbridge Wells |b New Academic Science |c 2012 | ||
| 300 | |a xv, 548 p |b ill. |c 25 cm. | ||
| 504 | |a Includes bibliographical references and index. | ||
| 910 | |a SCHK95 | ||
| 919 | |a 978-1-906574-66-6 | ||
| 999 | |c 5456 |d 5456 | ||